Top 20 all-time UWCL goalscorers - Statistics

General Stats
  • This quiz has been taken 6 times
  • The average score is 5 of 20
Answer Stats
Nationality Goals Player % Correct
Norway 69 Ada Hegerberg
83%
Denmark 46 Pernille Harder
83%
Germany 41 Alexandra Popp
67%
Poland 37 Ewa Pajor
67%
Brazil 46 Marta
50%
Scotland 43 Kim Little
33%
Netherlands 31 Vivianne Miedema
33%
France 38 Wendie Renard
33%
France 43 Camille Abily
17%
Sweden 42 Lotta Schelin
17%
Italy 31 Patrizia Panico
17%
Germany 51 Anja Mittag
0%
Germany 48 Conny Pohlers
0%
France 50 Eugénie Le Sommer
0%
Switzerland 31 Fabienne Humm
0%
Sweden 39 Hanna Ljungberg
0%
Germany 38 Inka Grings
0%
Netherlands 32 Jill Roord
0%
Iceland 32 Margrét Lára Viðarsdóttir
0%
Austria 38 Nina Burger
0%
No matching quizzes found
Score Distribution
Percent of People with Each Score
Percentile by Number Answered
Your Score History
You have not taken this quiz